000
00234nam a2200097Ia 4500
001
652662
005
20250826154443.0
008
250824s9999 xx 000 0 und d
245
0
_a
RUBY ROGERS İŞİNE BAK !
_c
SUE LİMB
260
_b
ALTIN
999
_c
652662
_d
652662